Most Populous Countries in the EU in 2060 - Statistics

General Stats
  • This quiz has been taken 1,179 times
    1,177 since last reset
  • The average score is 9 of 10
Answer Stats
Population Country % Correct
71.8 million France
100%
70.6 million Germany
100%
59.4 million Italy
99%
51.9 million Spain
99%
76.7 million United Kingdom
99%
31.1 million Poland
95%
11.3 million Portugal
88%
16.6 million Netherlands
87%
12.3 million Belgium
85%
16.9 million Romania
84%
No matching quizzes found
Score Distribution
Percent of People with Each Score
Percentile by Number Answered
Your Score History
You have not taken this quiz since the last reset